000 00552nam a2200193Ia 4500
005 20250508150409.0
008 008 250505s9999 xx 000 0 eng d
037 _aTextual
040 _aFEDL
_beng
_cFEDL
041 _aeng
_2eng
084 _a155.5, THO
_qFEDL
100 _aThom Douglas A.
_9756590
245 0 _aNormal youth and its everyday problems
260 _aNew York, USA
_bD. Appleton-Century Company
_c1932
300 _axv,367p
650 _aChild psychology
942 _cTEXL
_h155.5, THO
999 _c1323412
_d1323412